Представление документа в формате RUSMARC

ПолеНазваниеЗначение
  Тип записи a
  Библиографический уровень a
001 Контрольный номер RU/CBS_UL/BASE/6354b569fc3a425db7d1f6454c0f72b4
005 Дата корректировки 20240710170420.4
100 Данные общей обработки __
a Данные общей обработки 20240710 ||| 0rusy0189 ca
101 Язык документа 0_
a Язык текста rus
102 Страна публикации __
a Страна публикации RU
200 Заглавие и сведения об ответственности 1_
a Заглавие "Подайте ему лакированные сапоги, так он их в окно выбросит..."
e Сведения, относящиеся к заглавию [о том, каким был гардероб императора Александра III]
f Первые сведения об ответственности О. Хорошилова
300 Общие примечания __
a Общие примечания 16+
320 Библиография __
a Библиография Библиогр.: с. 133
461 Уровень набора _0
1 2000
a Родина
463 Уровень физической единицы _0
1 2000
a № 11
v С. 130-133 : фот., ил.
1 2101
d 2023
1 001RU/CBS_UL/BASE/aa159a031eed423f9cc0c498f874c03f
600 Персоналии _1
a Персоналии (Фамилия) Александр III
606 Тематические рубрики 0_
a Основная рубрика Александр III (император российский; 1845-1894)
606 Тематические рубрики 0_
a Основная рубрика История моды - Российская империя
610 Ключевые слова 0_
a Ключевые слова императоры
610 Ключевые слова 0_
a Ключевые слова императоры русские
610 Ключевые слова 0_
a Ключевые слова цари русские
610 Ключевые слова 0_
a Ключевые слова гардероб
610 Ключевые слова 0_
a Ключевые слова гардероб царский
610 Ключевые слова 0_
a Ключевые слова гардероб императора
610 Ключевые слова 0_
a Ключевые слова мода при дворе
610 Ключевые слова 0_
a Ключевые слова история одежды
610 Ключевые слова 0_
a Ключевые слова придворный этикет
610 Ключевые слова 0_
a Ключевые слова история культуры
610 Ключевые слова 0_
a Ключевые слова Дом Романовых
686 Индексы других классификаций __
2 Код системы rubbk
a Классификационный индекс 63.3(2)5-8
686 Индексы других классификаций __
2 Код системы 37.24
700 Автор _1
a Фамилия Хорошилова
b Имя (инициалы) О.
801 Источник записи _0
a Страна RU
b Организация МБУК ЦБС г. Ульяновска
c Дата составления 20240710
g Правила каталогизации RCR
801 Источник записи _1
a Страна RU
b Организация МБУК ЦБС г. Ульяновска
c Дата составления 20240710
g Правила каталогизации RCR
901 Тип документа __
t Тип документа b
w Контрольный № источника RU/CBS_UL/BASE/aa159a031eed423f9cc0c498f874c03f
909 Создатель записи __
a Создатель записи lib1